000 00885cab a2200229 4500
001 WB2842-20
008 090401t1992 xxu||||| |||| 00| 0 eng d
035 _a(Sirsi) u49203
041 _aeng
245 _aInsurers offer new pollution protection
260 _c1992
350 _a0
490 _aFinancial Times
_v28 October 1992, 14(1)
520 _aECS Underwriting and National Reliance have launched a new environmental insurance policy aimed at protecting policy holders who faced large bills to clear up contaminated land sites. Policy holders will be required to carry out environmental surveys and to take extreme care to avoid unnecessary pollution.
650 _aCONTAMINATED LAND
650 _aECS UNDERWRITING
650 _aInsurance
_96249
650 _aNATIONAL RELIANCE
690 _aENVIRONMENTAL AND LAND CONSULTANCY
942 _n0
948 _c04/03/1997
999 _c30797
_d30797